Propad mezd jako riziko pro finanční stabilitu
Analýza ČNB, ktorej cieľom bolo identifikovať pokles nominálnych príjmov v domácnostiach. Charakteristika a výsledky dvoch variant typicky zadlžených domácností v ČR. Rozpočet rodín s úverovým zaťažením. Deficit splácania úverov. Riziká vyplývajúce z poklesu nominálnych miezd. Zhoršenie kvality úver...
Na minha lista:
| Autor principal: | |
|---|---|
| Formato: | Capítulo de Livro |
| Idioma: | tcheco |
| Assuntos: | |
| Tags: |
Sem tags, seja o primeiro a adicionar uma tag!
|
MARC
| LEADER | 00000naa$a2200000$$$4500 | ||
|---|---|---|---|
| 001 | 0100635 | ||
| 005 | 20231129092818.1 | ||
| 041 | 0 | |a cze | |
| 044 | |a CZ | ||
| 245 | 1 | 0 | |a Propad mezd jako riziko pro finanční stabilitu |c Petr Jakubík |
| 520 | |a Analýza ČNB, ktorej cieľom bolo identifikovať pokles nominálnych príjmov v domácnostiach. Charakteristika a výsledky dvoch variant typicky zadlžených domácností v ČR. Rozpočet rodín s úverovým zaťažením. Deficit splácania úverov. Riziká vyplývajúce z poklesu nominálnych miezd. Zhoršenie kvality úverových portfólií bánk. | ||
| 610 | 2 | 0 | |a príjmy nominálne |
| 610 | 2 | 0 | |a Česko |
| 610 | 2 | 0 | |a domácnosti |
| 610 | 2 | 0 | |a náklady životné |
| 610 | 2 | 0 | |a zadlženosť |
| 610 | 2 | 0 | |a banky |
| 610 | 2 | 0 | |a úver |
| 610 | 2 | 0 | |a mzdy |
| 100 | 1 | |a Jakubík, Petr | |